[Event "TUR-chT2"]
[Site "Konya"]
[Date "2017.07.15"]
[Round "9.3"]
[White "Salman, Ilhan Serhat"]
[Black "Peksen, Emirhan"]
[Result "1/2-1/2"]
[WhiteElo "1749"]
[BlackElo "1742"]
[PlyCount "147"]
[EventDate "2017.07.09"]
[EventType "team-swiss"]
[EventRounds "9"]
[EventCountry "TUR"]
[SourceTitle "CBM 179 Extra"]
[Source "ChessBase"]
[SourceDate "2017.08.23"]
[SourceVersion "1"]
[SourceVersionDate "2017.08.23"]
[SourceQuality "1"]
[WhiteTeam "Marmara Universitesi"]
[BlackTeam "Trabzon Feda"]
[WhiteTeamCountry "TUR"]
[BlackTeamCountry "TUR"]

1. Nf3 d5 2. d4 e6 3. Bf4 Nf6 4. e3 Bd6 5. Bxd6 cxd6 6. c4 dxc4 7. Bxc4 d5 8. Bd3 Nc6 9. 0-0 0-0 10. Nc3 Qe7 11. a3 a5 12. Rc1 Bd7 13. Na4 Rab8 14. Nc5 Rfc8 15. Qa4 Ne5 16. Nxd7 Qxd7 17. Bb5 Nxf3+ 18. gxf3 Qd8 19. Bd3 Qb6 20. Qb5 Rc6 21. Qxb6 Rxb6 22. Rc2 Rc6 23. Rfc1 Rbc8 24. Rxc6 Rxc6 25. Rxc6 bxc6 26. Bc2 Nd7 27. Ba4 Nb8 28. Kf1 Kf8 29. Ke2 Ke7 30. Kd3 Kd6 31. b4 axb4 32. axb4 Nd7 33. f4 Nf8 34. Bd1 f6 35. Ba4 Ng6 36. Kc3 Nh4 37. Bd1 g6 38. Kd3 Nf5 39. Ba4 Kc7 40. Kc3 Nd6 41. Bc2 Kb6 42. Bd3 f5 43. f3 Ne8 44. Be2 Nf6 45. Bf1 Nh5 46. Bd3 h6 47. h4 Ng3 48. Kd2 Nh5 49. Kc3 Nf6 50. Kd2 Nh7 51. Ke2 Kc7 52. Kf2 Kd6 53. Kg3 Nf6 54. Ba6 Nd7 55. Bd3 Kc7 56. Ba6 h5 57. Kf2 Nb8 58. Bd3 Kb6 59. Ke2 Na6 60. Bxa6 Kxa6 61. Kd2 Kb5 62. Kc3 Ka4 63. Kc2 Kxb4 64. Kb2 Ka4 65. Ka2 Kb4 66. Kb2 Kc4 67. Kc2 Kb5 68. Kb3 c5 69. dxc5 Kxc5 70. Kc3 Kc6 71. Kd3 Kc5 72. Kc3 Kc6 73. Kd3 Kc5 74. Kc3 1/2-1/2

[Event "Ordu op 2nd"]
[Site "Ordu"]
[Date "2016.04.15"]
[Round "2"]
[White "Peksen, Emirhan"]
[Black "Abdulov, Orkhan Javanshir"]
[Result "0-1"]
[WhiteElo "1765"]
[BlackElo "2349"]
[PlyCount "50"]
[EventDate "2016.04.14"]
[EventType "swiss"]
[EventRounds "7"]
[EventCountry "TUR"]
[SourceTitle "CBM 171 Extra"]
[Source "ChessBase"]
[SourceDate "2016.04.26"]
[SourceVersion "1"]
[SourceVersionDate "2016.04.26"]
[SourceQuality "1"]

1. e4 g6 2. d4 Bg7 3. Nc3 d6 4. Be3 Nf6 5. Qd2 a6 6. a4 Nbd7 7. Bc4 c6 8. Nge2 d5 9. exd5 Nb6 10. Bb3 Nbxd5 11. 0-0 Nxe3 12. fxe3 0-0 13. e4 e5 14. d5 Ng4 15. Rf3 Qb6+ 16. Kh1 Nf2+ 17. Rxf2 Qxf2 18. dxc6 bxc6 19. Qd6 Qf6 20. Qc5 Rd8 21. Kg1 Qd6 22. Qb6 Rb8 23. Qa5 Bh6 24. h3 Be3+ 25. Kh1 Bb6 0-1

[Event "Manavgat Turkey Cup"]
[Site "Manavgat"]
[Date "2016.01.31"]
[Round "2"]
[White "Peksen, Emirhan"]
[Black "Daghan, Devran"]
[Result "0-1"]
[WhiteElo "1674"]
[BlackElo "2004"]
[PlyCount "50"]
[EventDate "2016.01.30"]
[EventType "swiss"]
[EventRounds "11"]
[EventCountry "TUR"]
[SourceTitle "CBM 170 Extra"]
[Source "ChessBase"]
[SourceDate "2016.02.25"]
[SourceVersion "1"]
[SourceVersionDate "2016.02.25"]
[SourceQuality "1"]

1. e4 c5 2. c3 d5 3. exd5 Qxd5 4. d4 Nc6 5. Nf3 Bg4 6. Be2 e6 7. h3 Bf5 8. 0-0 Nf6 9. Be3 cxd4 10. cxd4 Bxb1 11. Qxb1 Be7 12. Qd3 0-0 13. a3 Rac8 14. Rac1 Rfd8 15. Rfd1 a6 16. Ng5 h6 17. Bf3 Qd7 18. Ne4 Nxd4 19. Qxd4 Qxd4 20. Bxd4 Rxc1 21. Rxc1 Rxd4 22. Nxf6+ Bxf6 23. Bxb7 Rd2 24. Rc8+ Kh7 25. Rc7 Rd1+ 0-1

[Event "Manavgat Turkey Cup"]
[Site "Manavgat"]
[Date "2016.01.30"]
[Round "1"]
[White "Erdogdu, Mert"]
[Black "Peksen, Emirhan"]
[Result "1/2-1/2"]
[WhiteElo "2438"]
[BlackElo "1674"]
[PlyCount "107"]
[EventDate "2016.01.30"]
[EventType "swiss"]
[EventRounds "11"]
[EventCountry "TUR"]
[SourceTitle "CBM 170 Extra"]
[Source "ChessBase"]
[SourceDate "2016.02.25"]
[SourceVersion "1"]
[SourceVersionDate "2016.02.25"]
[SourceQuality "1"]

1. e4 e6 2. d4 d5 3. Nc3 Bb4 4. e5 c5 5. a3 Bxc3+ 6. bxc3 Ne7 7. Qg4 Qc7 8. Qxg7 Rg8 9. Qxh7 cxd4 10. Ne2 Nbc6 11. f4 Bd7 12. Qd3 dxc3 13. Qxc3 0-0-0 14. Rg1 Nf5 15. g4 Nh4 16. Rg3 Kb8 17. Be3 Rc8 18. 0-0-0 Na5 19. Qxc7+ Rxc7 20. Nd4 Nc4 21. Bf2 Ng6 22. Rf3 Ne7 23. h3 a6 24. Be2 Nc6 25. Rg1 Nxd4 26. Bxd4 Rgc8 27. Bd1 Ba4 28. Rg2 b5 29. f5 a5 30. fxe6 fxe6 31. Rgf2 b4 32. axb4 axb4 33. Rf7 Rxf7 34. Rxf7 Bxc2 35. Bxc2 Na3 36. Kb2 Nxc2 37. Ba7+ Ka8 38. Bf2 Na3 39. Kb3 Nc4 40. Rf6 Nxe5 41. Rxe6 Nd3 42. Bd4 Nc1+ 43. Ka4 b3 44. Ka3 Rc2 45. Re1 Ra2+ 46. Kb4 b2 47. Re8+ Kb7 48. Bxb2 Rxb2+ 49. Kc5 Rh2 50. Re7+ Kc8 51. Re3 Ne2 52. Kxd5 Nf4+ 53. Kc6 Kd8 54. Rf3 1/2-1/2

[Event "Manavgat Turkey Cup"]
[Site "Manavgat"]
[Date "2015.02.07"]
[Round "11"]
[White "Peksen, Emirhan"]
[Black "Kurtoglu, Umit"]
[Result "1-0"]
[WhiteElo "1487"]
[BlackElo "1370"]
[PlyCount "40"]
[EventDate "2015.01.31"]
[EventType "swiss"]
[EventRounds "11"]
[EventCountry "TUR"]
[SourceTitle "CBM 164 Extra"]
[Source "ChessBase"]
[SourceDate "2015.03.02"]
[SourceVersion "1"]
[SourceVersionDate "2015.03.02"]
[SourceQuality "1"]

1. e4 c5 2. c3 d5 3. exd5 Qxd5 4. d4 Nf6 5. Nf3 Bg4 6. Be2 e6 7. Be3 cxd4 8. cxd4 Bb4+ 9. Nc3 0-0 10. 0-0 Bxc3 11. bxc3 Nc6 12. h3 Bf5 13. c4 Qd7 14. Qb3 Qc7 15. Rac1 h6 16. d5 Na5 17. Qb4 exd5 18. cxd5 Nxd5 19. Qh4 Qd8 20. Rfd1 Be6 1-0

[Event "Kemer Turkey Cup"]
[Site "Kemer"]
[Date "2014.02.03"]
[Round "4"]
[White "Acar, Cengiz Can"]
[Black "Peksen, Emirhan"]
[Result "1-0"]
[WhiteElo "1729"]
[BlackElo "1520"]
[PlyCount "67"]
[EventDate "2014.02.01"]
[EventType "swiss"]
[EventRounds "9"]
[EventCountry "TUR"]
[SourceTitle "CBM 158 Extra"]
[Source "ChessBase"]
[SourceDate "2014.02.28"]
[SourceVersion "1"]
[SourceVersionDate "2014.02.28"]
[SourceQuality "1"]

1. d4 d5 2. Nf3 Nf6 3. Bf4 Bf5 4. e3 e6 5. Be2 c5 6. c3 Nc6 7. Nbd2 Qb6 8. Qb3 Be7 9. 0-0 0-0 10. h3 Rfc8 11. Nh4 c4 12. Qxb6 axb6 13. Nxf5 exf5 14. b3 b5 15. a4 bxa4 16. bxc4 a3 17. Rfb1 Ra7 18. Bd3 Ne4 19. Bxe4 dxe4 20. c5 Bd8 21. Ra2 Rca8 22. Rb3 Ba5 23. Nc4 Bd8 24. Nd6 Na5 25. Rbxa3 g6 26. Nb5 Ra6 27. Bc7 Nc6 28. Rxa6 Rxa6 29. Rxa6 bxa6 30. d5 axb5 31. Bxd8 Nxd8 32. c6 Kf8 33. c7 Ke7 34. c8Q 1-0

[Event "Kemer Turkey Cup"]
[Site "Kemer"]
[Date "2014.02.02"]
[Round "3"]
[White "Peksen, Emirhan"]
[Black "Erdogan, Anil Berk"]
[Result "0-1"]
[WhiteElo "1520"]
[BlackElo "1760"]
[PlyCount "48"]
[EventDate "2014.02.01"]
[EventType "swiss"]
[EventRounds "9"]
[EventCountry "TUR"]
[SourceTitle "CBM 158 Extra"]
[Source "ChessBase"]
[SourceDate "2014.02.28"]
[SourceVersion "1"]
[SourceVersionDate "2014.02.28"]
[SourceQuality "1"]

1. e4 e6 2. Nf3 d5 3. Nc3 Nf6 4. e5 Nfd7 5. d4 c5 6. dxc5 Nc6 7. Bd3 Ndxe5 8. Nxe5 Nxe5 9. Be3 Nc6 10. Bb5 Be7 11. 0-0 0-0 12. Bxc6 bxc6 13. Ne2 e5 14. f4 f6 15. h4 d4 16. Bf2 Qd5 17. Qd3 a5 18. c4 Qd7 19. a3 Qf5 20. Qf3 e4 21. Qb3 e3 22. Bg3 d3 23. Nd4 Qe4 24. Nf3 e2 0-1